000 00388nam a2200157Ia 4500
008 160316s1995 xxu||||| |||| 00| 0 eng d
082 _a347.072000
_bMAJ
100 _aMajumdar A B
245 _aPlaints
250 _a3rd
260 _aCalcutta
_bEastern Law House
_c1995
300 _a568p
_b
_c
365 _bRs.350/-
650 _a1.Civil Procedure - Pleadings - Plaints
700 _a
_a
999 _c8541
_d8541